| 000 | 00825cab a2200265 4500 | ||
|---|---|---|---|
| 001 | ABS51841 | ||
| 008 | 090401t1994 xxu||||| |||| 00| 0 eng d | ||
| 035 | _a(Sirsi) u46281 | ||
| 041 | _aeng | ||
| 100 | _aGarner, R. | ||
| 245 | _aGilts, equities and property | ||
| 260 | _c1994 | ||
| 350 | _a0 | ||
| 490 |
_aInstitute of Revenues Rating and Valuation Journal _vNovember 1994, 266-267(2) |
||
| 520 | _aDiscusses a common approach to investment valuation, examining the principal types of investment which are of interest; gilts, equities and property. | ||
| 650 | _aEQUITIES | ||
| 650 | _aGILTS | ||
| 650 | _aHOLDING PERIOD RETURN | ||
| 650 | _aINVESTMENT APPRAISAL | ||
| 650 | _aINVESTMENT VALUATION | ||
| 650 | _aREDEMPTION YIELD | ||
| 690 | _aRATING AND VALUATION | ||
| 942 | _n0 | ||
| 948 | _c04/03/1997 | ||
| 999 |
_c29283 _d29283 |
||